Fragmentos de un discurso amoroso / (Record no. 40065)

MARC details
000 -LEADER
fixed length control field 00670nam a22002177a 4500
008 - FIXED-LENGTH DATA ELEMENTS--GENERAL INFORMATION
fixed length control field 130815t mx ||||| |||| 00| 0 spa d
020 ## - INTERNATIONAL STANDARD BOOK NUMBER
International Standard Book Number 978968231097
050 04 - LIBRARY OF CONGRESS CALL NUMBER
Classification number PC2440
Item number B37 1982
100 1# - MAIN ENTRY--PERSONAL NAME
Personal name Barthes, Roland
245 10 - TITLE STATEMENT
Title Fragmentos de un discurso amoroso /
Statement of responsibility, etc Roland Barthes ; tr. Eduardo Molina
250 ## - EDITION STATEMENT
Edition statement 1a ed.
260 ## - PUBLICATION, DISTRIBUTION, ETC. (IMPRINT)
Place of publication, distribution, etc México :
Name of publisher, distributor, etc Siglo Veintiuno,
Date of publication, distribution, etc 1982
300 ## - PHYSICAL DESCRIPTION
Extent 254 p. ;
Dimensions 21 cm.
440 #0 - SERIES STATEMENT/ADDED ENTRY--TITLE
Title Teoría
500 ## - GENERAL NOTE
General note Traducción de: Fragments d´un discours amoureux
504 ## - BIBLIOGRAPHY, ETC. NOTE
Bibliography, etc Incluye indice
650 #4 - SUBJECT ADDED ENTRY--TOPICAL TERM
Topical term or geographic name as entry element Francés
General subdivision Palabras y frases
650 #4 - SUBJECT ADDED ENTRY--TOPICAL TERM
Topical term or geographic name as entry element Amor
General subdivision Terminología
700 1# - ADDED ENTRY--PERSONAL NAME
Personal name Molina, Eduardo,
Fuller form of name tr.
942 ## - ADDED ENTRY ELEMENTS (KOHA)
Source of classification or shelving scheme Biblioteca del Cogreso de los Estados Unidos
Koha item type Libro
Holdings
Estado de pérdida Fuente de clasificación Estado del daño No para préstamo Ubicación permanente Ubicación actual Apartado o colección Fecha de adquisición Fuente de adquisición Enumeración de Serie / Cronológica Área del conocimiento Clasificación Código de Barras Date last seen Número de copia Tipo de recurso Nota pública
  Biblioteca del Cogreso de los Estados Unidos     Biblioteca de la Facultad de Letras Biblioteca de la Facultad de Letras General 15/08/2013   LLH000002802   PC2440 B37 1982 LLH000002802 15/08/2013 C:1 Libro  
  Biblioteca del Cogreso de los Estados Unidos     Biblioteca de la Facultad de Letras Biblioteca de la Facultad de Letras General 15/08/2013   LLH000002803   PC2440 B37 1982 LLH000002803 15/08/2013 C:2 Libro General
  Biblioteca del Cogreso de los Estados Unidos     Biblioteca de la Facultad de Letras Biblioteca de la Facultad de Letras General 15/08/2013   LLH000002804   PC2440 B37 1982 LLH000002804 15/08/2013 C:3 Libro General